| Поле | Название | Значение |
| |
Тип записи |
a |
| |
Библиографический уровень |
m |
| 001 |
Контрольный номер |
IZD\AST\2007\1068157 |
| 005 |
Дата корректировки |
20260213163317.4 |
| 010 |
Индекс ISBN |
__ |
| a |
ISBN |
978-985-16-9130-8 (в пер.) |
| d |
Цена |
77-77 |
| 100 |
Данные общей обработки |
__ |
| a |
Данные общей обработки |
19110204d2011 |||y0rusy0189 ca |
| 101 |
Язык документа |
0_ |
| a |
Язык текста |
rus |
| 102 |
Страна публикации |
__ |
| a |
Страна публикации |
RU |
| 105 |
Кодированные данные (монография) |
__ |
| a |
Кодированные данные (монография) |
a z ||0zy |
| 200 |
Заглавие и сведения об ответственности |
1_ |
| a |
Заглавие |
Крыши и кровли |
| e |
Сведения, относящиеся к заглавию |
[пошаговые инструкции по монтажу крыши, кровельной системы, водостоков; все виды кровельных покрытий; характеристика тепло- и гидроизоляционных материалов] |
| f |
Первые сведения об ответственности |
[отв. за вып.: И. В. Резько] |
| b |
Общее обозначение материала |
Текст |
| 210 |
Выходные данные |
1_ |
| a |
Место издания |
Минск |
| c |
Издательство |
Харвест |
| d |
Дата издания |
2010 |
| 215 |
Физическое описание |
__ |
| a |
Объем |
319 с. |
| c |
Иллюстрации/тип воспроизводства |
ил. |
| d |
Формат |
21 |
| 225 |
Серия |
2_ |
| a |
Серия |
Строим дом |
| 330 |
Аннотация |
__ |
| a |
Аннотация |
Современные крыши - это, прежде всего, новые материалы и технические решения, улучшающие такие показатели, как надежность, долговечность и эстетический вид дома. В настоящем издании представлены различные виды крыш и кровельных покрытий. Приведены пошаговые инструкции по монтажу стропильных систем, обрешетки, кровли и водостоков. В книге также имеются характеристики тепло- и гидроизоляционных материалов, их преимущества и недостатки, даны советы по правильному применению тех или иных материалов. |
| 606 |
Тематические рубрики |
__ |
| a |
Основная рубрика |
Строительство |
| 606 |
Тематические рубрики |
__ |
| a |
Основная рубрика |
Части зданий |
| 610 |
Ключевые слова |
0_ |
| a |
Ключевые слова |
крыши; кровли; кровельные покрытия; водосточные системы; мансарды; деревянные строительные конструкции; гидроизоляционные материалы; деревянные конструкции; строительные конструкции |
| 686 |
Индексы других классификаций |
__ |
| a |
Классификационный индекс |
38.44 |
| 702 |
Вторичная интеллектуальная ответственность |
_1 |
| a |
Фамилия |
Резько |
| b |
Имя |
И. В. |
| 4 |
Код отношения |
Автор предисловия и т.д. |
| 4 |
Код отношения |
080 |
| 801 |
Источник записи |
_0 |
| a |
Страна |
RU |
| b |
Организация |
Муниципальное бюджетное учреждение культуры "Централизованная библиотечная система" г. Сургут (Центральная городская библиотека им. А. С. Пушкина) |
| c |
Дата составления |
20110204 |
| g |
Правила каталогизации |
КиК/Елгина |
| 801 |
Источник записи |
_1 |
| a |
Страна |
RU |
| b |
Организация |
Муниципальное бюджетное учреждение культуры "Централизованная библиотечная система" г. Сургут (Центральная городская библиотека им. А. С. Пушкина) |
| c |
Дата составления |
20110204 |
| g |
Правила каталогизации |
КиК/Елгина |
| 852 |
Данные о местонахождении |
__ |
| j |
Шифр хранения |
38.44 |
| i |
Авторский знак |
К 85 |
| 901 |
Тип документа |
__ |
| t |
Тип документа |
m |
| 903 |
Характеристики (МАРС) |
__ |
| a |
Дата передачи |
20120607 |
| 990 |
Данные о заказе (DOS) |
__ |
| j |
Количество экземпляров (DOS) |
6 |
| t |
N записи в КСУ для И/У (DOS) |
201206 |